Online Catalogue and eLibrary

Prachandathvayaavihinsava ha viplavaya (Record no. 2521)

MARC details
000 -LEADER
fixed length control field 00441nam a2200181Ia 4500
005 - DATE AND TIME OF LATEST TRANSACTION
control field 20250623025007.0
008 - FIXED-LENGTH DATA ELEMENTS--GENERAL INFORMATION
fixed length control field 240331s9999 xx 000 0 und d
020 ## - INTERNATIONAL STANDARD BOOK NUMBER
ISBN 9552010535
082 ## - DDC Classification
Item Number - Author Mark IVA
Class No. 325
100 ## - MAIN ENTRY--PERSONAL NAME
Personal name Ivan, V
245 #0 - TITLE STATEMENT
Title Prachandathvayaavihinsava ha viplavaya
260 ## - PUBLICATION, DISTRIBUTION, ETC.
Place of publication, distribution, etc. Colombo
Name of publisher, distributor, etc. S. Godage & Brothers
Date of publication, distribution, etc. 1993
300 ## - PHYSICAL DESCRIPTION
Extent (e.g. Volumes, Pages etc.) 167 p .,
650 ## - SUBJECT ADDED ENTRY--TOPICAL TERM
Topical term or geographic name entry element Violence
650 ## - SUBJECT ADDED ENTRY--TOPICAL TERM
Topical term or geographic name entry element Nonviolence
650 ## - SUBJECT ADDED ENTRY--TOPICAL TERM
Topical term or geographic name entry element Revolution
942 ## - Koha item type (Biblio)
Koha item type Books in Stacks (Lending)
Holdings
Lost status Damaged status Collection code Home library Current library Shelving location Date acquired Full call number Accession Number Item type
    Lending WERC Library WERC Library Social Science Cupboard 03/31/2024 323.5 IVA 3833 Books in Stacks (Lending)

© WERC Library